000 00282nam a22001217a 4500
999 _c152807
_d152807
082 _a
_b
100 _aClaude White J
245 _aIndian historical researches (v.5)/
_cby Claude White J.
260 _aNew Delhi:
_bCosmo,
_c1909.
300 _a331p.
650 _a
942 _cBK